Sanctissimi Domini Nostri Benedicti Papae XIV. Constitutiones Selectae, Nec Non Bullae, Decreta, Epistolae, &c. Parochis, Confessariis, Omnibusque Animarum Pastoribus Utiliores ac Necessariae, In Quibus Theologiae Moralis Ac Dogmaricae Praecepta vere perspicua, ex Scripturis praecipue, ac Sacris Canonibus traduntur. Pars Prima

Bibliographic Details
Main Author: Benedikt XIV., pápež, 1675-1758 (Author)
Other Authors: Novelli, Jo. Baptista (Printer)
Format: Book
Language:Latin
PhysicalDescription:348 s. 23 cm
Published: Romae Expensis Jo: Baptistae Novelii Tipographi, Ac Bibliopolae Veneti MDCCLXIII [=1763]
Subjects:

MARC

LEADER 00000nam a2200000 a 4500
001 vtls011471613
003 SK-MaSNL
005 20260420121312.0
008 251112s1763 it 000 0 lat
015 |a SNBHFA1763 
020 |q (viaz.) 
035 |a D9D31928-C85E-4E98-AD8D-7D185CAE734F 
035 |a urn:nbn:sk:snk-amtfqu 
035 |a urn:nbn:sk:snk-am00c8rt 
040 |a SNKHFA  |b slo  |c SNK  |e AACR2 
041 0 |a lat 
044 |a it  |c IT 
072 7 |a 244  |x Náboženská literatúra  |2 konspekt 
080 |a 2-29  |2 2008 
080 |a 27-9  |2 2001 
100 0 |a Benedikt  |b XIV.,  |c pápež,  |d 1675-1758  |4 aut  |9 100176 
245 1 0 |a Sanctissimi Domini Nostri Benedicti Papae XIV. Constitutiones Selectae, Nec Non Bullae, Decreta, Epistolae, &c. Parochis, Confessariis, Omnibusque Animarum Pastoribus Utiliores ac Necessariae, In Quibus Theologiae Moralis Ac Dogmaricae Praecepta vere perspicua, ex Scripturis praecipue, ac Sacris Canonibus traduntur.  |n Pars Prima  |c Sanctissimi Domini Nostri Benedicti Papae XIV. 
246 3 0 |a Constitutiones Selectae, Nec Non Bullae, Decreta, Epistolae, &c. Parochis, Confessariis, Omnibusque Animarum Pastoribus Utiliores ac Necessariae, In Quibus Theologiae Moralis Ac Dogmaricae Praecepta vere perspicua, ex Scripturis praecipue, ac Sacris Canonibus traduntur. 
260 |a Romae  |b Expensis Jo: Baptistae Novelii Tipographi, Ac Bibliopolae Veneti  |c MDCCLXIII [=1763] 
300 |a 348 s.  |c 23 cm 
500 |a Rok vydania rímskymi číslicami 
501 |a Príväzok 1: Sanctissimi Domini Nostri Benedecti Papae XIV. Constitutiones Selectae... Pars Secunda. Romae: Expensis Jo: Baptistae Novelli Tipographi, Ac Bobliopolae Veneti, 1763.  |5 SNK IC 142358/1-2 
561 |a Pôvodný exlibris: Franciscus Comes Berchtoldt.  |5 SNK IC 142358/1-2 
600 0 7 |a Benedikt  |b XIV.,  |c pápež,  |d 1675-1758  |2 SNK  |9 100176 
650 0 7 |a pápežské dokumenty  |2 SNKPH  |9 62416 
650 0 7 |a cirkevné dejiny  |2 SNKPH  |9 3909 
655 7 |a staré tlače  |2 SNKPH  |9 69193 
700 1 |a Berchtold, František,  |d 1730-1793  |4 fmo  |9 166588 
700 1 |a Novelli, Jo. Baptista  |4 prt  |9 550607 
752 |a Taliansko  |d Rím 
852 |a snk  |b Historické fondy  |p IC 142358/1-2 
958 |a ONDV 
999 |c 844690  |d 846620 
952 |t Be 12  |a SNK  |b SNK  |c SNK_HF  |y PREZ  |7 0  |p 17A1128196  |o snkIC 142358/1-2  |i snk2016/3433  |8 5  |0 0  |1 0  |4 0  |d 2016-02-09  |f 1  |l 0  |r 2026-02-24 04:23:08  |w 2026-02-24